Online Catalogue and eLibrary

Selestina Dias jeewitha kathawa (Record no. 5292)

MARC details
000 -LEADER
fixed length control field 00423nam a2200157Ia 4500
005 - DATE AND TIME OF LATEST TRANSACTION
control field 20250703021611.0
008 - FIXED-LENGTH DATA ELEMENTS--GENERAL INFORMATION
fixed length control field 240331s9999 xx 000 0 und d
020 ## - INTERNATIONAL STANDARD BOOK NUMBER
ISBN 95591022910
082 ## - DDC Classification
Item Number - Author Mark THA
Class No. 920
100 ## - MAIN ENTRY--PERSONAL NAME
Personal name Thampo,M
245 #0 - TITLE STATEMENT
Title Selestina Dias jeewitha kathawa
260 ## - PUBLICATION, DISTRIBUTION, ETC.
Place of publication, distribution, etc. Colombo
Name of publisher, distributor, etc. Social Scientist Association
Date of publication, distribution, etc. 2000
300 ## - PHYSICAL DESCRIPTION
Extent (e.g. Volumes, Pages etc.) 146 p.,
500 ## - GENERAL NOTE
General note Buddhist Women's Philanthropy and education
942 ## - Koha item type (Biblio)
Koha item type Books in Stacks (Lending)
Holdings
Lost status Damaged status Collection code Home library Current library Shelving location Date acquired Full call number Accession Number Item type
    Lending WERC Library WERC Library Social Science Cupboard 03/31/2024 920 THA 4453 Books in Stacks (Lending)

© WERC Library